| 000 | 04435nam a22006015i 4500 | ||
|---|---|---|---|
| 001 | 978-3-031-08876-6 | ||
| 003 | DE-He213 | ||
| 005 | 20240828123430.0 | ||
| 007 | cr nn 008mamaa | ||
| 008 | 221216s2023 sz | s |||| 0|eng d | ||
| 020 |
_a9783031088766 _9978-3-031-08876-6 |
||
| 024 | 7 |
_a10.1007/978-3-031-08876-6 _2doi |
|
| 050 | 4 | _aQC793-793.5 | |
| 050 | 4 | _aQC174.45-174.52 | |
| 072 | 7 |
_aPHP _2bicssc |
|
| 072 | 7 |
_aSCI057000 _2bisacsh |
|
| 072 | 7 |
_aPHP _2thema |
|
| 082 | 0 | 4 |
_a530.14 _223 |
| 100 | 1 |
_aFaccioli, Pietro. _eauthor. _4aut _4http://id.loc.gov/vocabulary/relators/aut _96824 |
|
| 245 | 1 | 0 |
_aParticle Polarization in High Energy Physics _h[electronic resource] : _bAn Introduction and Case Studies on Vector Particle Production at the LHC / _cby Pietro Faccioli, Carlos Lourenço. |
| 250 | _a1st ed. 2023. | ||
| 264 | 1 |
_aCham : _bSpringer International Publishing : _bImprint: Springer, _c2023. |
|
| 300 |
_aXV, 302 p. 127 illus. in color. _bonline resource. |
||
| 336 |
_atext _btxt _2rdacontent |
||
| 337 |
_acomputer _bc _2rdamedia |
||
| 338 |
_aonline resource _bcr _2rdacarrier |
||
| 347 |
_atext file _bPDF _2rda |
||
| 490 | 1 |
_aLecture Notes in Physics, _x1616-6361 ; _v1002 |
|
| 505 | 0 | _a1. Introduction -- 2. Basics of Angular Distributions -- 3. Two-body Decays of vector particles -- 4. Pitfalls in Polarization Measurements -- 5. Using Polarization to Discriminate Physical Hypotheses. | |
| 506 | 0 | _aOpen Access | |
| 520 | _aThis open-access book addresses the following questions: how does the polarization of a particle, i.e., the angular momentum state in which it is produced, manifest itself in nature? What are the concepts and tools needed to perform rigorous measurements providing complete and unambiguous physical information? Polarization measurements are important because they reflect the nature and coupling properties of a particle and provide unique insights into the underlying fundamental interactions, playing a central role in the study and understanding of the mechanisms of particle production. Besides gradually reviewing many fundamental notions, the book presents several case studies relevant to physics analyses underway at the LHC, including the lepton-antilepton decays of vector states (Drell–Yan, Z and W bosons, quarkonia, etc.). The book also offers a detailed discussion of cascade decays, where the vector particle is a daughter of another particle, as well as a survey of typical angular distributions of particles of any integer or half-integer spin. With a visual approach to the presentation of the concepts and frequent use of pedagogical examples, taken from real measurements, gedankenexperiments, or detailed simulations, the book focuses on aspects of polarization measurements that are sometimes underestimated or left unexplored in experimental analyses, such as the importance of the choice of the reference frame, the existence of frame-independent relations, and the shapes of the physically allowed parameter domains. Several examples are provided of pitfalls introduced when the intrinsic multidimensionality of the problem is neglected in exchange for a simplified analysis. Targeting an audience of graduate students, post-docs, and other researchers involved in analyses of LHC data, this book helps to establish a solid bridge between high precision data, existing or soon to be collected, and accurate measurements, including high-sensitivity tests of the Standard Model. | ||
| 650 | 0 | _aElementary particles (Physics). | |
| 650 | 0 | _aQuantum field theory. | |
| 650 | 0 | _aMeasurement. | |
| 650 | 0 | _aMeasuring instruments. | |
| 650 | 0 | _aParticle accelerators. | |
| 650 | 1 | 4 | _aElementary Particles, Quantum Field Theory. |
| 650 | 2 | 4 | _aMeasurement Science and Instrumentation. |
| 650 | 2 | 4 | _aAccelerator Physics. |
| 700 | 1 |
_aLourenço, Carlos. _eauthor. _4aut _4http://id.loc.gov/vocabulary/relators/aut _96833 |
|
| 710 | 2 | _aSpringerLink (Online service) | |
| 773 | 0 | _tSpringer Nature eBook | |
| 776 | 0 | 8 |
_iPrinted edition: _z9783031088742 |
| 776 | 0 | 8 |
_iPrinted edition: _z9783031088759 |
| 830 | 0 |
_aLecture Notes in Physics, _x1616-6361 ; _v1002 |
|
| 856 | 4 | 0 | _uhttps://doi.org/10.1007/978-3-031-08876-6 |
| 912 | _aZDB-2-PHA | ||
| 912 | _aZDB-2-SXP | ||
| 912 | _aZDB-2-LNP | ||
| 912 | _aZDB-2-SOB | ||
| 999 |
_c573596 _d573596 |
||